|
|
|
|
| LEADER |
00941nam a2200277 4500 |
| 001 |
DLU210196740 |
| 005 |
##20210709 |
| 040 |
# |
# |
|a DLU
|b vie
|
| 041 |
# |
# |
|a vie
|
| 044 |
# |
# |
|a vn
|
| 100 |
# |
# |
|a Nguyễn Huy Hiệu.
|
| 245 |
# |
# |
|a Giá trị lịch sử, bài học thực tiễn của cuộc tổng tiến công và nổi dậy Tết Mậu Thân 1968 /
|c Nguyễn Huy Hiệu.
|
| 653 |
# |
# |
|a Cách mạng giải phóng dân tộc
|
| 653 |
# |
# |
|a Miền Nam Việt Nam
|
| 653 |
# |
# |
|a Tết Mậu Thân 1968
|
| 773 |
# |
# |
|t Nghiên cứu Châu Âu
|g Số 5(212), 2018, tr. 59-64
|
| 920 |
# |
# |
|a Phòng Tạp chí -- Trung tâm Thông tin - Thư viện Trường Đại học Đà Lạt
|
| 933 |
# |
# |
|a XH
|
| 994 |
# |
# |
|a DLU
|
| 900 |
# |
# |
|a True
|
| 911 |
# |
# |
|a Hoàng Thị Huyền
|
| 925 |
# |
# |
|a G
|
| 926 |
# |
# |
|a A
|
| 927 |
# |
# |
|a BB
|
| 980 |
# |
# |
|a Thư viện Trường Đại học Đà Lạt
|